000 00607nam a22002057a 4500
999 _c10336
_d10336
003 AR-CdUCM
008 190329b ||||| |||| 00| 0 spa d
040 _aMUNICIPALIDAD PROVINCIAL DEL CUSCO
_cBIBLIOTECA MUNICIPAL DEL CUSCO
082 _aES / 800 /
_bA39
100 _aAlighieri, Dante
_95764
245 _aLa divina comedia /
260 _aLima :
_bMercurio,
_c1988.
300 _a281 paginas :
_c17 cm.
440 _aLeo.
_927117
505 _aContenido :La divina comedia.
650 _aLiteratura peruana
_9169
650 _aLiteratura contemporánea
_9759
942 _2ddc
_cLIBROS
945 _arum